Biología molecular del gen

Guardat en:
Dades bibliogràfiques
Autor principal: Watson, James D (autor)
Altres autors: Baker, Tania A (autora), Bell, Stephen P (autor), Gann, Alexander (autor), Levine, Michael (autor), Losick, Richard (autor)
Format: Llibre
Idioma:espanyol
Publicat: Buenos Aires Médica Panamericana 2005
Matèries:
Etiquetes: Afegir etiqueta
Sense etiquetes, Sigues el primer a etiquetar aquest registre!

MARC

LEADER 00000cam a2200000 a 4500
001 UCG9024
003 CL-VaPUC
005 20241023145544.0
008 120120e20050000AG |||||||||||||||||spa|d
999 |c 346609  |d 346607 
020 |a 9788479035051 
040 |c Pontificia Universidad Católica de Valparaíso 
082 0 4 |a 572.8 WAT 2005  |2 21 
100 |a Watson, James D  |e autor  |9 560361 
245 1 0 |a Biología molecular del gen 
260 |a Buenos Aires  |b Médica Panamericana  |c 2005 
300 |a 776 páginas 
500 |a Incluye Cd-Rom 
583 |a last modification  |c 20120120 10:38:00  |k Rodrigo Vera 
650 0 |a Genética  |9 259443 
650 0 |a Biología  |9 262022 
650 0 |a Biología molecular  |9 269677 
650 0 |a Moléculas   |9 259584 
650 0 |a Genes  |9 330314 
650 0 |a Cromosomas  |9 344073 
700 |a Baker, Tania A  |e autora  |9 560362 
700 |a Bell, Stephen P  |e autor  |9 560363 
700 |a Gann, Alexander  |e autor  |9 560364 
700 |a Levine, Michael  |e autor  |9 560365 
700 |a Losick, Richard  |e autor  |9 560366 
942 |c BK  |2 ddc 
945 |d 20120120 00:00:00  |a cmena 
952 |0 0  |1 0  |2 ddc  |4 0  |6 572_800000000000000_WAT_2005  |7 0  |8 A  |9 447383  |a BIBCUR  |b BIBCUR  |d 2019-11-22  |i 4841212  |l 6  |m 2  |o 572.8 WAT 2005  |p 4841212  |r 2025-04-22  |s 2023-07-06  |t 2  |w 2019-11-22  |y BK  |k BIO